Henri Matisse Paper Cut-Outs

Gespeichert in:
Bibliographische Detailangaben
Hauptverfasser: Cowart, Jack (VerfasserIn), Flan, Jack D (VerfasserIn), Fourcade, Dominique (VerfasserIn), Hallmark Neff, John (VerfasserIn)
Format: Buch
Sprache:Englisch
Veröffentlicht: Nueva York The St. Louis Art Museum and the Detroit Institute of Arts 1977
Schlagworte:
Tags: Tag hinzufügen
Keine Tags, Fügen Sie den ersten Tag hinzu!

MARC

LEADER 00000nam a2200000 a 4500
001 UCZ4066
003 CL-VaPUC
008 951106e19770000US |||||||||||||||||eng|d
082 0 4 |a 759.4  |b COW  |2 21 
100 0 |a Cowart, Jack  |e author  |9 347957 
700 0 |a Flan, Jack D  |e author  |9 347958 
700 |a Fourcade, Dominique  |e author  |9 347959 
700 0 |a Hallmark Neff, John  |e author  |9 347960 
245 1 0 |a Henri Matisse Paper Cut-Outs 
300 |a 304 p 
942 |c BK 
945 |d 19951106 00:00:00  |a rleighto 
260 |a Nueva York  |b The St. Louis Art Museum and the Detroit Institute of Arts  |c 1977 
600 0 |a Matisse, Henri,  |d 1869-1954  |9 553758 
650 0 |a Pintura francesa  |9 266122 
650 0 |a Bellas artes  |9 334299 
650 0 |a Obras de arte  |9 337253 
650 0 |a Pintores   |9 265963 
650 0 |a Pintura  |9 265046 
650 7 |a CUADROS  |2 CL-VaPUC  |9 347961 
650 0 |a Artes decorativas  |9 266306 
650 0 |a Artistas   |9 262026 
583 |a last modification  |c 19951106 00:00:00  |k Rodrigo Vera 
999 |c 240498  |d 240496 
952 |0 0  |1 0  |4 0  |6 759_400000000000000_COW_1977  |7 0  |8 A  |9 252389  |a BIBARQ  |b BIBARQ  |d 2019-11-18  |i 3145417  |o 759.4 COW 1977  |p 3145417  |r 2025-01-20  |w 2019-11-18  |y BK  |k ARQ